000 00801nam a22002297a 4500
003 LK-CoMWRAF
005 20231206121150.0
008 230929b1998 |||||||| |||| 00| 0 eng d
020 _a1558611894
040 _aLK-CoMWRAF
_dLK-CoMWRAF
_eLK-CoMWRAF
041 _aeng
082 _a923
_bCOO
100 _aCook, Alice Hanson
245 _aA lifetime of labor:
_b the autobiography of Alice H. Cook
260 _aNew York:
_bFeminist Press at the City University of New York,
_c1998
300 _axiv, 354 p. : ill. ; 24 cm
_bBibliography and index included
490 _aThe Cross-cultural memoir series
650 _aWOMEN LABOR LEADERS-United States-Biography
650 _aWomen college teachers--United States--Biography.
650 _aFeminists--United States--Biography.
942 _cBK
999 _c3747
_d3747